000 00600nam a2200205Ia 4500
001 16737
003 GE_BSU
008 181216s||||||||xx |||||||||||||| ||und||
040 _cGE_BSU
245 _aგულისთქმა
245 _bლექსები
245 _cრედ.ზ.ფირცხალაიშვილი.მხ.რ.ლომიძე
260 _aბათუმი
260 _bაჭარა
260 _c1990
300 _a95 გვ. : პორტრ. ; 16 სმ
653 _aგულისთქმა
653 _aლექსები
942 _cBK
999 _c49802
_d49802